000 00398nam a2200157Ia 4500
005 20250423095427.0
008 250422s9999 xx 000 0 und d
020 _a978-0-470-48474-6
050 _aQA 331.3 .F86/
245 0 _aFunctions modeling change : a preparation for calculus
250 _a4th ed.
260 _bJohn Wiley & Sons, Inc
260 _c2011
300 _a654 p
942 _cBK
999 _c30241
_d30241